000 00740nam a2200241Ia 4500
003 OSt
005 20220926034034.0
006 a|||||r|||| 00| 0
007 ta
008 220923b |||||||| |||| 00| 0 eng d
037 _cGeneral Book
040 _aRTL
_cRTL
_beng
041 _2eng
_aeng
082 _aV73,1:19.1.N7, L2
100 _aLaird Melvin R
_9339947
245 0 _aNixon doctrine
260 _aWashington
_bAmerican Enterprise Institute
_c1972
300 _a79p
_ccm.
490 _aAMerican Enterprise Institute for Public Policy Research, Town Hall Meeting
650 _aConstitution United States
_9240337
942 _hV73,1:19.1.N7, L2
_cGB
_2CC
999 _c658573
_d658573